| 000 | 02329nam a22002777a 4500 | ||
|---|---|---|---|
| 001 | 127157 | ||
| 003 | UA-OsUOA | ||
| 005 | 20260616103811.0 | ||
| 007 | ta | ||
| 008 | 20171121b un ||un |||| 00| 0 ukr dukr d | ||
| 020 | _a966317000X | ||
| 040 |
_aUA-OsUOA _bukr _cUA-OsUOA _dUA-OsUOA |
||
| 041 | _aukr | ||
| 080 | _a82.09(477) | ||
| 090 |
_a82.09(477) _bС54 |
||
| 100 |
_aСоболь В. _925528 |
||
| 110 |
_aДонецьке відділення наукового товариства ім Шевченка ; Бердянський державний університет ім П. Осипенко _925529 |
||
| 245 |
_aНе будьмо тінями зникомими _bнавчально-методичний посібник |
||
| 260 |
_aДонецьк _bСхідний видавничий дім _c2006 |
||
| 300 | _a256 с. | ||
| 520 | _aУ книзі подано аналіз творчості митців українського модерного слова Великої України і письменнків діаспори. Літературознавчі матеріали доповнено уривками з творів Юрія Липи, Василя Пачовського, Володимира Сосюри, Марії Матіос, Остапа Лапського, Володимира Яворівського, Володимира Дрозда, Михайла Стрельбицького, Віктора Савченка та ін. Окремий розділ становить переклади уривківіз праць Еви М. Томпсон (Трубадури імперіх. Література російська і колоніалізм) та Джонатана Куллера (Теорія літератури. Самототожність, ідентифікація, суб'єкт). Книга призначена для студентів філологічних факультетів вищих навчальних закладівУкраїни та всіх, хто цікавиться історією української літератури ХХ-ХХІ ст. | ||
| 650 | 7 |
_a82 Література. Літературознавство _2UDC _915 |
|
| 942 |
_cBK _2udc |
||
| 955 | _a2 | ||
| 999 |
_c414257 _d414257 |
||